تحميل...

Advanced personality

التفاصيل البيبلوغرافية
المؤلفون الرئيسيون: Barone, David F, Hersen, Michel, Vanhasselt, Vincent B
التنسيق: Printed Book
اللغة:English
منشور في: New York, Plenum press
1998
الموضوعات:
LEADER 005490000a22001930004500
020 |a 0306457458 
041 |a eng 
082 |a 158.1 N8 
100 |a Barone, David F  |9 93212 
100 |a Hersen, Michel  |9 40739 
100 |a Vanhasselt, Vincent B  |9 93213 
245 |a Advanced personality 
260 |a New York, Plenum press 
260 |a 1998 
650 |a Personality  |9 111871 
650 |a Psychoanalysis theories  |9 111872 
942 |c BK 
999 |c 166476  |d 166472 
952 |0 0  |1 0  |4 0  |7 0  |9 164923  |a SPS  |b SPS  |d 2019-04-16  |l 0  |p SPS04426  |r 2019-04-16  |w 2019-04-16  |y BK